000 02118cam a2200325 i 4500
999 _c10605
_d10605
003 OSt
005 20220408151429.0
008 131114s2014 enka b 001 0 eng
010 _a 2013027540
020 _a9780415642514 (hardback)
040 _aDLC
_beng
_cDLC
_erda
_dDLC
042 _apcc
082 0 0 _a628.028/6
_223
084 _aARC010000
_aTEC005000
_2bisacsh
245 0 0 _aUrban retrofitting for sustainability :
_bmapping the transition to 2050 /
_cedited by Tim Dixon, Malcolm Eames, Miriam Hunt and Simon Lannon.
300 _axvi, 286 pages :
_billustrations ;
_c26 cm
504 _aIncludes bibliographical references and index.
520 _a"With a foreword from Paul King, Chief Executive, UK Green Building Council and Chairman, Zero Carbon HubAs concerns over climate change and resource constraints grow, many cities across the world are trying to achieve a low carbon transition. Although new zero carbon buildings are an important part of the story, in existing cities the transformation of the current building stock and urban infrastructure must inevitably form the main focus for transitioning to a low carbon and sustainable future by 2050. Urban Retrofitting for Sustainability brings together interdisciplinary research contributions from leading international experts to focus on key issues such as systems innovation, financing tools, governance, energy, and water management. The chapters consider not only the knowledge and technical tools available, but looks forward to how they can be implemented in real cities by 2050. "--
650 0 _aMunicipal engineering.
650 0 _aSustainable development.
650 0 _aCities and towns
_xEnergy consumption.
650 7 _aARCHITECTURE / Urban & Land Use Planning.
_2bisacsh
650 7 _aTECHNOLOGY & ENGINEERING / Construction / General.
_2bisacsh
700 1 _aDixon, Timothy J.,
_d1958-
_eeditor of compilation.
700 1 _aEames, Malcolm.
700 1 _aLannon, Simon.
700 1 _aHunt, Miriam.
856 4 2 _3Cover image
_uhttp://images.tandf.co.uk/common/jackets/websmall/978041564/9780415642514.jpg
942 _2ddc